000 01208nam0a2200325 4500
001 RU\NLR\bibl\905712
005 20250614181656.0
010 _a5-8183-0955-X
_94000
021 _aRU
_b2005-84421
_94177
035 _a(NLR Aleph) 000894110
090 _a1736750
_c1736750
100 _a20060209d2005 |||y0rusy50 ca
101 1 _arus
_ceng
102 _aRU
105 _aa |||||||||
200 1 _aЖизнь прекрасна!
_fДжон Ланд
_g[пер. с англ. Н. Григорьевой]
210 _aМосква
_cГранд
_cФаир-Пресс
_d2005
215 _a[3], 70, [2] с.
_cцв. ил.
_d16
300 _aЗагл. и авт. ориг.: Animal wisdom : more animal antics from John Lund
454 0 _12001#$aAnimal wisdom$emore animal antics from John Lund
_1700#1$aLund$bJ.$gJohn$4070
_tAnimal wisdom
_aLund, John
606 1 _aСобаки
_jАльбомы
_91134369
_3RU\NLR\auth\66131799
606 1 _aКошки
_jАльбомы
_91297951
_3RU\NLR\auth\66219790
686 _aП673я61
686 _aП674я61
700 1 _aЛанд
_bД.
_gДжон
_4070
801 0 _aRU
_bNLR
_c20060209
_grcr
801 1 _aRU
_bNLR
_c20060209
942 _cBOOK
980 _aNB